The philosophy of Hegel : (Record no. 3829)
[ view plain ]
| 000 -LEADER | |
|---|---|
| fixed length control field | 00375cam a2200133Mi 4500 |
| 020 ## - INTERNATIONAL STANDARD BOOK NUMBER | |
| ISBN | 0075536552 |
| 050 ## - CALL NUMBER | |
| Classification number | B2908 |
| Item number | .F7 |
| 100 1# - AUTHOR | |
| Personal name | Hegel, Georg Wilhelm Friedrich, |
| 245 14 - TITLE | |
| Title | The philosophy of Hegel : |
| Remainder of title | edited, with an introduction by Carl J. Friedrich. |
| 260 ## - PUBLICATION INFORMATION | |
| Place of publication | USA |
| Name of publisher | Random House Inc. |
| Year of publication | 1954 |
| 300 ## - DESCRIPTION | |
| Number of Pages | 552 pages. |
| 700 1# - OTHER AUTHORS | |
| Personal name | Friedrich, Carl J. |
| 942 ## - ADDED ENTRY ELEMENTS (KOHA) | |
| Koha item type | Books |
| Withdrawn status | Lost status | Home library | Current library | Shelving location | Date acquired | Full call number | Accession Number | Koha item type | Collection code |
|---|---|---|---|---|---|---|---|---|---|
| Methodist University Library Main | Methodist University Library Main | General Stacks | 01/07/2002 | B2908 .F7 | 25911 | Books | |||
| Methodist University Library Main | Methodist University Library Main | General Stacks | 01/07/2002 | B2908 .F7 | 25912 | Books | |||
| Methodist University Library Main | Methodist University Library Main | General Stacks | 01/07/2002 | B2908 .F7 | 25910 | Books | |||
| Methodist University Library Main | Methodist University Library Main | General Stacks | 01/07/2002 | B2908 .F7 | 25913 | Books | |||
| Methodist University Library Main | Methodist University Library Main | General Stacks | 01/07/2002 | B2908 .F7 | 25908 | Books | Reference |